| 000 | 012610am a22003010004500 | ||
|---|---|---|---|
| 003 | EG-GiCUC | ||
| 008 | 070222s1996 ua a g f000 0 ara d | ||
| 017 |
_a1996 / 7097 _bمصر.دار الكتب |
||
| 020 | _a9775031559 | ||
| 040 |
_aEG-GiCUC _bara _cEG-GiCUC |
||
| 043 | _af-ua--- | ||
| 050 | 4 |
_aLB2331.43. _bS25 1996 |
|
| 092 | 0 | 4 |
_a378 _bS1653 _221 |
| 099 |
_a04 _a378 S1653 |
||
| 100 | 1 | _aصالح : سامية خضر | |
| 245 | 1 | 2 |
_aالبعد السياسى للجامعة و الامن البيئى : _bدراسة فى المشاركة واتخاذ القرار / _cسامية خضر صالح |
| 260 |
_aالقاهرة : _bاكاديمية البحث العلمى و التكنولوجيا : _c1996 |
||
| 300 |
_a352ص : _bايض ؛ _c24سم |
||
| 504 | _aيشتمل على ارجاعات ببليوجرافية (ص307-325) | ||
| 650 | 7 |
_aالجامعات والكليات والمجتمع _2qrmak |
|
| 650 | 7 |
_aالجامعات والكليات _2qrmak |
|
| 650 | 7 |
_aالجامعات والكليات _xجوانب بيئية _zمصر _2qrmak |
|
| 650 | 7 |
_aالجامعات والكليات _xجوانب سياسية _zمصر _2qrmak |
|
| 902 | _a2 | ||
| 905 |
_aامل _eمدخل |
||
| 905 |
_aايمان ع _eمراجع |
||
| 942 |
_2ddc _cBK |
||
| 999 |
_c92580 _d92580 |
||